[Event "Sautron op 11th"]
[Site "Sautron"]
[Date "2012.09.02"]
[Round "5"]
[White "Munkhbayar, Janjaadorj"]
[Black "Burel, Iwan"]
[Result "1-0"]
[WhiteElo "2053"]
[BlackElo "1911"]
[PlyCount "80"]
[EventDate "2012.08.31"]
[EventType "swiss"]
[EventRounds "6"]
[EventCountry "FRA"]
[SourceTitle "EXT 2013"]
[Source "ChessBase"]
[SourceDate "2012.11.22"]
[SourceVersion "1"]
[SourceVersionDate "2012.11.22"]
[SourceQuality "1"]

1. d4 Nf6 2. c4 g6 3. Nc3 Bg7 4. e4 d6 5. f3 0-0 6. Be3 e5 7. d5 Nh5 8. Qd2 Qh4+ 9. g3 Nxg3 10. Qf2 Nxf1 11. Qxh4 Nxe3 12. Kf2 Nxc4 13. b3 Nb6 14. Nb5 Na6 15. Rc1 Bd7 16. a4 Nc5 17. Rc3 a6 18. Na3 c6 19. a5 Nc8 20. Nh3 cxd5 21. exd5 e4 22. Rxc5 e3+ 23. Kg2 dxc5 24. Ng5 h6 25. Ne4 g5 26. Qg3 f5 27. Nxc5 f4 28. Qe1 Bf5 29. Nc4 Rd8 30. Ne6 Bxe6 31. dxe6 Rd5 32. Qb4 Rb5 33. Qa4 Bf8 34. h4 gxh4 35. Rxh4 Rg5+ 36. Rg4 Bc5 37. Qe8+ Kh7 38. Rxg5 hxg5 39. Qh5+ Kg7 40. Qxg5+ Kf8 1-0

[Event "Agneaux St Lo op-B 14th"]
[Site "Agneaux"]
[Date "2012.07.07"]
[Round "1.25"]
[White "Aubrun, Lucas"]
[Black "Burel, Iwan"]
[Result "1-0"]
[WhiteElo "1727"]
[BlackElo "1929"]
[PlyCount "107"]
[EventDate "2012.07.08"]
[EventType "swiss"]
[EventRounds "8"]
[EventCountry "FRA"]
[SourceTitle "EXT 2014"]
[Source "ChessBase"]
[SourceDate "2013.11.20"]
[SourceVersion "1"]
[SourceVersionDate "2013.11.20"]
[SourceQuality "1"]

1. d4 Nf6 2. c4 g6 3. Nc3 Bg7 4. e4 d6 5. Nf3 0-0 6. Be2 e5 7. d5 Nbd7 8. 0-0 Nc5 9. Bg5 h6 10. Bxf6 Qxf6 11. b4 Nd7 12. Rc1 Qd8 13. Nd2 f5 14. Nb3 Nf6 15. f3 f4 16. c5 g5 17. Nd2 h5 18. Nc4 Rf7 19. Rc2 Bf8 20. cxd6 cxd6 21. Qc1 Rg7 22. Nb5 a6 23. Nbxd6 Bxd6 24. Nxd6 Qxd6 25. Rxc8+ Rxc8 26. Qxc8+ Kh7 27. b5 axb5 28. Rc1 b4 29. Qc5 Ne8 30. Qxd6 Nxd6 31. Rb1 Rc7 32. Rxb4 Rc2 33. Kf1 Rc7 34. Rb6 Rd7 35. Ke1 Kg7 36. Bb5 Nxb5 37. Rxb5 g4 38. Rb6 Re7 39. Ke2 Kh7 40. a4 Kg7 41. a5 Kh7 42. Kd3 Kg7 43. Kc4 Rc7+ 44. Kb5 Rc2 45. d6 Rxg2 46. d7 Rd2 47. Rxb7 Kf6 48. Kc6 gxf3 49. a6 Rc2+ 50. Kd6 Rd2+ 51. Kc7 Rc2+ 52. Kb8 Ke7 53. a7 f2 54. a8Q 1-0

[Event "Angers op 7th"]
[Site "Angers"]
[Date "2012.04.20"]
[Round "1"]
[White "Burel, Iwan"]
[Black "Mercier, Gaetan"]
[Result "1-0"]
[WhiteElo "1910"]
[BlackElo "1541"]
[PlyCount "43"]
[EventDate "2012.04.20"]
[EventType "swiss"]
[EventRounds "6"]
[EventCountry "FRA"]
[SourceTitle "CBM 148 Extra"]
[Source "ChessBase"]
[SourceDate "2012.06.22"]
[SourceVersion "1"]
[SourceVersionDate "2012.06.22"]
[SourceQuality "1"]

1. e4 c5 2. Nc3 d6 3. Nf3 Nc6 4. d4 cxd4 5. Nxd4 Nf6 6. f3 a6 7. Be3 e6 8. Qd2 Be7 9. g4 0-0 10. 0-0-0 Qd7 11. h4 b5 12. h5 Bb7 13. g5 Ne8 14. Bh3 Nc7 15. g6 Nxd4 16. gxh7+ Kh8 17. Bxd4 Rfc8 18. h6 Ne8 19. hxg7+ Nxg7 20. Bxg7+ Kxg7 21. Rdg1+ Kh8 22. Qh6 1-0

[Event "Sautron op 11th"]
[Site "Sautron"]
[Date "2011.10.23"]
[Round "5"]
[White "Purenne, Benoit"]
[Black "Burel, Iwan"]
[Result "1-0"]
[WhiteElo "2086"]
[BlackElo "1878"]
[PlyCount "81"]
[EventDate "2011.10.22"]
[EventType "swiss"]
[EventRounds "9"]
[EventCountry "FRA"]
[SourceTitle "EXT 2016"]
[Source "ChessBase"]
[SourceDate "2015.10.08"]
[SourceVersion "1"]
[SourceVersionDate "2015.10.08"]
[SourceQuality "1"]

1. d4 Nf6 2. c4 g6 3. Nc3 Bg7 4. e4 d6 5. Nge2 0-0 6. f3 Nbd7 7. Be3 c5 8. d5 a6 9. Qd2 Rb8 10. a4 Qa5 11. Nc1 Ne5 12. Ra3 Bd7 13. Be2 Rfd8 14. 0-0 Qb4 15. N1a2 Qa5 16. h3 Qc7 17. a5 Be8 18. Nc1 b5 19. axb6 Rxb6 20. f4 Ned7 21. Nd3 Nf8 22. Rfa1 Ra8 23. Kh2 Bd7 24. g4 Ne8 25. Qc2 Qc8 26. Kg3 Rbb8 27. e5 Qb7 28. h4 Bh8 29. Bf3 Bc8 30. Be4 f5 31. gxf5 Bxf5 32. Bxf5 gxf5 33. Rg1 Ng7 34. Qe2 h6 35. Raa1 Qb3 36. Ra4 Kh7 37. Kh3 Qb7 38. Rg3 Qc8 39. Ra1 Qb7 40. Rag1 Nd7 41. Qg2 1-0

[Event "Charleroi op"]
[Site "Charleroi"]
[Date "2011.07.31"]
[Round "2"]
[White "Burel, Iwan"]
[Black "Werner, Ivan"]
[Result "1-0"]
[WhiteElo "1841"]
[BlackElo "2068"]
[PlyCount "49"]
[EventDate "2011.07.30"]
[EventType "swiss"]
[EventRounds "9"]
[EventCountry "BEL"]
[SourceTitle "EXT 2012"]
[Source "ChessBase"]
[SourceDate "2011.11.24"]
[SourceVersion "1"]
[SourceVersionDate "2011.11.24"]
[SourceQuality "1"]

1. e4 e5 2. Nf3 d6 3. d4 Nd7 4. c4 Ngf6 5. Nc3 Be7 6. Be2 h6 7. Be3 0-0 8. Qc2 c6 9. 0-0-0 Ng4 10. h3 Nxe3 11. fxe3 Qc7 12. g4 a6 13. Rdg1 g6 14. h4 Kg7 15. h5 Bg5 16. Nxg5 hxg5 17. Bf3 Nf6 18. hxg6 fxg6 19. Qh2 Rg8 20. Qh6+ Kf7 21. Qxg5 Qe7 22. Rh6 Be6 23. Be2 Nd5 24. Rh7+ Rg7 25. Qh6 1-0

[Event "Rohde op 10th"]
[Site "Sautron"]
[Date "2010.10.25"]
[Round "3"]
[White "Burel, Iwan"]
[Black "Pirotais, Jerome"]
[Result "0-1"]
[WhiteElo "1788"]
[BlackElo "2058"]
[PlyCount "46"]
[EventDate "2010.10.23"]
[EventType "swiss"]
[EventRounds "9"]
[EventCountry "FRA"]
[SourceTitle "EXT 2012"]
[Source "ChessBase"]
[SourceDate "2011.11.24"]
[SourceVersion "1"]
[SourceVersionDate "2011.11.24"]
[SourceQuality "1"]

1. e4 c5 2. Nc3 Nc6 3. Bb5 Nd4 4. Bc4 e6 5. Nf3 g6 6. 0-0 Bg7 7. Nxd4 cxd4 8. Ne2 Ne7 9. d3 0-0 10. Bg5 h6 11. Bh4 g5 12. Bg3 d5 13. Bb3 e5 14. f3 Be6 15. c3 Qb6 16. Bf2 dxe4 17. Bxe6 exf3 18. Bxf7+ Rxf7 19. gxf3 Nf5 20. Ng3 Nh4 21. Ne4 Qxb2 22. Rb1 Qxa2 23. Nd6 Nxf3+ 0-1

[Event "Fouesnant op 15th"]
[Site "Fouesnant"]
[Date "2009.10.31"]
[Round "9"]
[White "Roussel, Glenn"]
[Black "Burel, Iwan"]
[Result "0-1"]
[WhiteElo "1562"]
[BlackElo "1668"]
[PlyCount "90"]
[EventDate "2009.10.26"]
[EventType "swiss"]
[EventRounds "9"]
[EventCountry "FRA"]
[SourceTitle "EXT 2010"]
[Source "ChessBase"]
[SourceDate "2010.11.25"]
[SourceVersion "1"]
[SourceVersionDate "2010.11.25"]
[SourceQuality "1"]

1. e4 c5 2. Nf3 e6 3. d4 cxd4 4. Nxd4 Nf6 5. Nc3 Nc6 6. Be2 Bb4 7. f3 d5 8. Nxc6 bxc6 9. exd5 cxd5 10. Qd4 Ba5 11. Bg5 0-0 12. Bxf6 Qxf6 13. Qxf6 gxf6 14. 0-0 Bxc3 15. bxc3 a5 16. Rfd1 Bb7 17. Rab1 Ra7 18. Rb3 Rc8 19. Kf2 Ba6 20. Bxa6 Rxa6 21. Rd3 Rac6 22. Ke3 a4 23. Ra3 Rc4 24. Kd2 Kg7 25. Rd4 Kg6 26. h4 R8c5 27. Kd3 f5 28. g3 f4 29. gxf4 f5 30. Rxa4 Rxc3+ 31. Ke2 Rxc2+ 32. Kf1 R5c3 33. Ra6 Rxf3+ 34. Kg1 Re3 35. Kf1 Kh5 36. a4 Kxh4 37. a5 Kg3 38. Rd1 Ree2 39. Rd3+ Kxf4 40. Ra3 Ra2 41. Rb3 d4 42. Ra8 Rec2 43. Rb1 d3 44. Rb4+ Kf3 45. a6 Rc1# 0-1

[Event "Fouesnant op 13th"]
[Site "Fouesnant"]
[Date "2007.11.03"]
[Round "9"]
[White "Burel, Iwan"]
[Black "Priser, Jacques"]
[Result "1-0"]
[WhiteElo "1681"]
[BlackElo "1870"]
[PlyCount "111"]
[EventDate "2007.10.27"]
[EventType "swiss"]
[EventRounds "9"]
[EventCountry "FRA"]
[SourceTitle "EXT 2008"]
[Source "ChessBase"]
[SourceDate "2007.11.25"]
[SourceVersion "1"]
[SourceVersionDate "2007.11.25"]
[SourceQuality "1"]

1. e4 d5 2. exd5 Qxd5 3. Nc3 Qa5 4. d4 Nf6 5. Bc4 Bg4 6. f3 Bf5 7. Nge2 c6 8. 0-0 e6 9. Bf4 Nbd7 10. Kh1 Be7 11. Ng3 Bg6 12. Nce4 Bxe4 13. Nxe4 Nxe4 14. fxe4 h5 15. d5 cxd5 16. exd5 exd5 17. Bxd5 Nf6 18. Bxb7 Rd8 19. Qf3 0-0 20. Rad1 g5 21. Qg3 Nh7 22. Rxd8 Bxd8 23. Bd6 Qb5 24. Qd3 Qxb7 25. Bxf8 Bb6 26. Ba3 Qc6 27. Qf5 Qe6 28. Qxe6 fxe6 29. Re1 Kf7 30. g3 Bd4 31. c4 e5 32. b4 Ke6 33. b5 Nf6 34. Re2 Nd7 35. Kg2 g4 36. h3 Kf5 37. hxg4+ hxg4 38. Bb2 Bc5 39. Bc1 Nb6 40. Be3 Bxe3 41. Rxe3 Nxc4 42. Re2 e4 43. Rf2+ Ke5 44. Rf4 Kd4 45. Kf2 Ne5 46. Ke2 Nd3 47. Rxg4 Nc1+ 48. Kd2 Nxa2 49. Rg7 e3+ 50. Ke1 Nc3 51. g4 Nxb5 52. g5 Ke4 53. g6 Nd4 54. Re7+ Kf4 55. g7 Nf3+ 56. Kd1 1-0

[Event "Fouesnant op 12th"]
[Site "Fouesnant"]
[Date "2006.10.28"]
[Round "1"]
[White "Labarrere, Daniel"]
[Black "Burel, Iwan"]
[Result "1-0"]
[WhiteElo "1965"]
[BlackElo "1610"]
[PlyCount "77"]
[EventDate "2006.10.28"]
[EventType "swiss"]
[EventRounds "9"]
[EventCountry "FRA"]
[SourceTitle "EXT 2008"]
[Source "ChessBase"]
[SourceDate "2007.11.25"]
[SourceVersion "1"]
[SourceVersionDate "2007.11.25"]
[SourceQuality "1"]

1. c4 Nf6 2. Nc3 g6 3. Nf3 Bg7 4. d4 d6 5. Bg5 0-0 6. Qc2 Nbd7 7. e3 e5 8. Be2 Re8 9. 0-0 exd4 10. Nxd4 Nc5 11. Bh4 Ne6 12. Nf3 Nc5 13. Nd4 Ne6 14. Nxe6 Bxe6 15. Rad1 Qd7 16. Nd5 Bf5 17. Qb3 Nxd5 18. cxd5 Rab8 19. f3 c6 20. Bc4 cxd5 21. Bb5 Bc2 22. Bxd7 Bxb3 23. axb3 Rxe3 24. b4 Bxb2 25. Rxd5 Bc3 26. Kf2 Re5 27. Rxe5 dxe5 28. Be7 b6 29. Rc1 Bd4+ 30. Ke2 Rb7 31. Rc8+ Kg7 32. Bf8+ Kf6 33. Bc6 a5 34. Bxb7 a4 35. Rc6+ Kf5 36. b5 Bb2 37. Bh6 g5 38. Bc8+ Kf4 39. g3# 1-0